| 000 | 00000nam 2200000zi 4500 |
| 001 | 9.946726 |
| 003 | CaOODSP |
| 005 | 20250303103444 |
| 006 | m o d f |
| 007 | cr |n||||||||| |
| 008 | 250110s1953 onca o f000 0 eng d |
| 040 | |aCaOODSP|beng|erda|cCaOODSP |
| 043 | |an-cn-sn |
| 086 | 1 |aA52-212/1953E-PDF |
| 086 | 1 |zA51-141E-PDF |
| 100 | 1 |aFoster, J. Roe, |eauthor. |
| 245 | 10|aDominion Experimental Substation, Regina, Saskatchewan : |bprogress report, 1947-1951 / |cJ. Roe Foster. |
| 264 | 1|aOttawa, Canada : |bMinister of Agriculture, |c[1953] |
| 300 | |a1 online resource (37 pages) : |billustrations |
| 336 | |atext|btxt|2rdacontent |
| 337 | |acomputer|bc|2rdamedia |
| 338 | |aonline resource|bcr|2rdacarrier |
| 500 | |aDigitized edition from print [provided by Agriculture and Agri-Food Canada]. |
| 610 | 25|bDominion Experimental Substation (Regina, Sask.) |
| 650 | 0|aAgricultural experiment stations|zSaskatchewan|zRegina. |
| 650 | 6|aStations agronomiques|zSaskatchewan|zRegina. |
| 710 | 2 |bDominion Experimental Substation (Regina, Sask.), |eissuing body. |
| 710 | 1 |aCanada. |bExperimental Farms Service, |eissuing body. |
| 856 | 40|qPDF|s9.66 MB|uhttps://publications.gc.ca/collections/collection_2025/aac-aafc/A51-141-1951-eng.pdf |